The crisis in government accountability : (Record no. 155313)

MARC details
000 -LEADER
fixed length control field 00635nam a22002057a 4500
003 - CONTROL NUMBER IDENTIFIER
control field dpl
005 - DATE AND TIME OF LATEST TRANSACTION
control field 20180802145424.0
008 - FIXED-LENGTH DATA ELEMENTS--GENERAL INFORMATION
fixed length control field 180802b xxu||||| |||| 00| 0 eng d
010 ## - LIBRARY OF CONGRESS CONTROL NUMBER
LC control number B-163305
020 ## - INTERNATIONAL STANDARD BOOK NUMBER
International Standard Book Number 0195667875
035 ## - SYSTEM CONTROL NUMBER
System control number B-163305
037 ## - SOURCE OF ACQUISITION
Source of stock number/acquisition BPPD/PUB
040 ## - CATALOGING SOURCE
Transcribing agency 0
082 ## - DEWEY DECIMAL CLASSIFICATION NUMBER
Classification number 338.9
100 ## - MAIN ENTRY--PERSONAL NAME
Personal name Mookherjee, Dilip
245 ## - TITLE STATEMENT
Title The crisis in government accountability :
Statement of responsibility, etc by M. Thomas
Remainder of title Essays on governance reforms and india economic performance /
260 ## - PUBLICATION, DISTRIBUTION, ETC. (IMPRINT)
Place of publication, distribution, etc New Delhi
Name of publisher, distributor, etc Oxford university press
Date of publication, distribution, etc 2004
300 ## - PHYSICAL DESCRIPTION
Extent 157p.
Dimensions 21 cm (Hb)
942 ## - ADDED ENTRY ELEMENTS (KOHA)
Institution code [OBSOLETE] dpl
Koha item type English Books
Call number prefix 338.9 / MUK
Source of classification or shelving scheme Dewey Decimal Classification
Classification part 338.9
Call number suffix MUK
Holdings
Withdrawn status Lost status Source of classification or shelving scheme Damaged status Not for loan Collection code Home library Current library Date acquired Source of acquisition Cost, normal purchase price Total Checkouts Full call number Barcode Date last seen Cost, replacement price Price effective from Koha item type
    Dewey Decimal Classification     Non-fiction Shahdara Branch Shahdara Branch 02/08/2018 BPPD/PUB 395.00   338.9 MUK B-163305 02/08/2018 395.00 02/08/2018 English Books

© Delhi Public Library
Hit Counter
free hit counter